| 000 -LEADER |
| fixed length control field |
00896cam a22002657a 4500 |
| 001 - CONTROL NUMBER |
| control field |
16233027 |
| 005 - DATE AND TIME OF LATEST TRANSACTION |
| control field |
20180307070711.0 |
| 008 - FIXED-LENGTH DATA ELEMENTS--GENERAL INFORMATION |
| fixed length control field |
100514s2009 mtua f 001 0 eng d |
| 010 ## - LIBRARY OF CONGRESS CONTROL NUMBER |
| LC control number |
2010279216 |
| 020 ## - INTERNATIONAL STANDARD BOOK NUMBER |
| International Standard Book Number |
9781880120170 (sprial pbk.) |
| 020 ## - INTERNATIONAL STANDARD BOOK NUMBER |
| International Standard Book Number |
1880120178 (sprial pbk.) |
| 035 ## - SYSTEM CONTROL NUMBER |
| System control number |
(OCoLC)ocn356064443 |
| 040 ## - CATALOGING SOURCE |
| Original cataloging agency |
WE2 |
| Language of cataloging |
eng |
| Transcribing agency |
WE2 |
| Modifying agency |
WE2 |
| -- |
OCLCQ |
| -- |
INWSB |
| -- |
OCLCQ |
| -- |
DLC |
| 041 ## - LANGUAGE CODE |
| Language code of text/sound track or separate title |
eng |
| 042 ## - AUTHENTICATION CODE |
| Authentication code |
lccopycat |
| 080 ## - UNIVERSAL DECIMAL CLASSIFICATION NUMBER |
| Universal Decimal Classification number |
62 KRI |
| 082 ## - DEWEY DECIMAL CLASSIFICATION NUMBER |
| Classification number |
62 KRI |
| 100 1# - Rafti |
| Rafti |
27 |
| 101 ## - Shkurtesa |
| Shkurtesa |
MEK |
| 245 10 - TITLE STATEMENT |
| Title |
Saturn energy auditor field guide / |
| Statement of responsibility, etc |
produced by John Krigger and Chris Dorsi ; illustrated by John Krigger ... [et al.] ; compiled by Darrel Tenter. |
| 246 3# - VARYING FORM OF TITLE |
| Title proper/short title |
Energy auditor field guide |
| 906 ## - LOCAL DATA ELEMENT F, LDF (RLIN) |
| a |
7 |
| b |
cbc |
| c |
copycat |
| d |
2 |
| e |
ncip |
| f |
20 |
| g |
y-gencatlg |
| 942 ## - ADDED ENTRY ELEMENTS (KOHA) |
| Source of classification or shelving scheme |
|
| Item type |
Books |